000 00265nam a22001217a 4500
008 181017b xxu||||| |||| 00| 0 eng d
041 _aeng
080 _a781
100 _a45
101 _aMUZ
245 _aHistorical Anthology Music
_cWilli.p
942 _2udc
_cBK
999 _c50077
_d50077